| 000 | 01209nam a2200373 i 4500 | ||
|---|---|---|---|
| 001 | 24512 | ||
| 003 | KOSZ 005 | ||
| 005 | 20240709062824.0 | ||
| 008 | 980702s1995 pl a f f |000 0 pol | ||
| 015 | _aPB 1996/9988 | ||
| 035 | _a(OCoLC)830112112 | ||
| 040 |
_aWA N _cWA N _dKOSZ 005/HR |
||
| 046 | _k1995 | ||
| 080 | _a621.82/.85 | ||
| 080 | _a744 | ||
| 080 | _a(075.8) | ||
| 100 | 1 |
_aKurmaz, Leonid W. _eAutor |
|
| 245 | 1 | 0 |
_aProjektowanie z podstaw konstrukcji maszyn / _cLeonid W. Kurmaz. |
| 260 |
_aKielce : _bDział Wydawnictw PŚ, _c1995. |
||
| 300 |
_a108 s. : _brys., wykr. ; _c21 x 30 cm. |
||
| 380 | _aKsiążki | ||
| 388 | _a2001- | ||
| 490 | 1 | _aSkrypty / Politechnika Świętokrzyska. | |
| 504 | _aBibliogr. s. 108. | ||
| 521 | _aDla studentów Wydz. Mechanicznego. | ||
| 650 | 4 | _aPrzekładnie | |
| 650 | 4 | _a Konstrukcja maszyn i urządzeń | |
| 655 | 4 | _aPodręczniki akademickie | |
| 655 | 4 | _aRysunek techniczny | |
| 658 | _aInżynieria i technika | ||
| 830 | 0 | _aSkrypty - Politechnika Świętokrzyska | |
| 856 |
_uhttp://koha.tu.koszalin.pl/cgi-bin/koha/opac-detail.pl?biblionumber=24512 _yKatalog online BPK |
||
| 942 |
_2UKD _cKS |
||
| 999 |
_c24512 _d24512 |
||